Statistics for The Jackson Family

Click here to take the quiz!

General Stats

  • This quiz has been taken 4,052 times
    (3,839 since last reset)
  • The average score is 6 of 11

Answer Stats

Member Name % Correct
BrotherMichael
96%
SisterJanet
95%
BrotherTito
74%
BrotherJermaine
71%
SisterLa Toya
70%
DadJoe
60%
BrotherRandy
41%
BrotherMarlon
38%
BrotherJackie
29%
MomKatherine
27%
SisterRebbie
21%

Score Distribution

Percentile by Number Answered

Percent of People with Each Score

Your Score History

You have not taken this quiz since the last reset